000 00796nas a2200253Ia 4500
001 R702/49173
003 IT-RoPAU
008 151124c99999999xx |||||||||||| ||und||
040 _aIT-RoPAU
040 _cIT-RoPAU
041 _aFRANCESE
100 _aPousseur Henri
_gCodice Aut. SPICS: 2378
210 _aDEGRES
222 _aDegres
245 _aDEGRES, N.005 (GENNAIO 1974)
_bNotes Sur la Transaction Musicale
250 _a1a ed.
260 _aBRUXELLES
_bDEGRES
_c1974
501 _bPaulus - SPICS - Società San Paolo EM (non-commercial uses only)
_cCopyright2015
300 _a11 p.
362 _aANNO 002, N.005 (GENNAIO 1974)
500 _aNote Sulla Transazione Musicale. Compositore, Interprete e Pubblico.
650 _aSEMIOTICA
_vPUBBLICAZIONE PERIODICA
942 _cCR
999 _c110536
_d110536